Dôležité piliere výstavby bytov

Bibliographic Details
Main Authors: Burger, Ján Roland, 1941- (Author), Riemann, Wolfgang (Author), Pfeiffer, Herbert (Author)
Format: Article
Language:Slovak
PhysicalDescription:Fotogr.
ISSN:1335-4701
Subjects:

MARC

LEADER 00000nab a2200000 a 4500
001 vtls000802319
003 SK-MaSNL
005 20260303072626.0
008 140301c2002 xo 0 slo
015 |a SNBRB2002/08-24861 
035 |a CLN000153974 
040 |a SNKBUCL  |b slo  |c SNKBUCL  |e AACR2 
041 0 |a slo 
044 |a xo  |c SK 
080 |a 336.722.145:336.732(437.6)  |2 1997 
080 |a 336.732(437.6)  |2 1997 
245 0 0 |a Dôležité piliere výstavby bytov  |c Ján Roland Burger, Wolfgang Riemann, Herbert Pfeiffer 
300 |b Fotogr. 
610 7 |a Prvá stavebná sporiteľňa (Slovensko)  |2 snkbucl  |9 839136 
650 0 7 |a sporenie stavebné  |z Slovensko  |2 snkbucl  |9 838477 
655 7 |a články z novín a časopisov  |2 snkbucl  |9 267496 
700 1 |a Burger, Ján Roland,  |d 1941-  |4 aut  |9 99215 
700 1 |a Riemann, Wolfgang  |4 aut  |9 1073202 
700 1 |a Pfeiffer, Herbert  |4 aut  |9 386066 
773 0 |t Hospodárske noviny  |g Roč. 10, č. 124 (26.-30.6.2002)  |x 1335-4701 
773 0 |t [Príl.] Fin efekt  |g S. 1 a 3  |x 1335-4701 
850 |a Slovenská národná knižnica v Martine 
852 |a SNK  |b KIS3GCP 
958 |a SK 
992 |a RBX 
999 |c 1764103  |d 1766033